Textbook of Mental Health Nursing I & II for BSc Nursing Students (Record no. 366263)
[ view plain ]
| 000 -LEADER | |
|---|---|
| fixed length control field | 00469nam a22001697a 4500 |
| 005 - DATE AND TIME OF LATEST TRANSACTION | |
| control field | 20250611160412.0 |
| 008 - FIXED-LENGTH DATA ELEMENTS--GENERAL INFORMATION | |
| fixed length control field | 250508b |||||||| |||| 00| 0 eng d |
| 020 ## - INTERNATIONAL STANDARD BOOK NUMBER | |
| International Standard Book Number | 978-93-92242-66-3 |
| 041 ## - LANGUAGE CODE | |
| Language code of text/sound track or separate title | English |
| 082 ## - DEWEY DECIMAL CLASSIFICATION NUMBER | |
| Edition number | 3rd ed. |
| Classification number | PS 610.7368 PAR DB1341 |
| 100 ## - MAIN ENTRY--PERSONAL NAME | |
| Author | Pareek Bharat |
| 245 ## - TITLE STATEMENT | |
| Title | Textbook of Mental Health Nursing I & II for BSc Nursing Students |
| 260 ## - PUBLICATION, DISTRIBUTION, ETC. | |
| Name of publisher, distributor, etc. | VHS Publishers |
| Date of publication, distribution, etc. | 2024 |
| Place of publication, distribution, etc. | Punjab |
| 300 ## - PHYSICAL DESCRIPTION | |
| Extent | 560p |
| 365 ## - TRADE PRICE | |
| Price amount | Rs. 725.00 |
| 942 ## - ADDED ENTRY ELEMENTS (KOHA) | |
| Koha item type | Donated Book |
| Withdrawn status | Lost status | Source of classification or shelving scheme | Damaged status | Not for loan | Home library | Current library | Date acquired | Net Price | Bill number | Total Checkouts | Total Renewals | Full call number | Barcode | Date due | Date last seen | Date last checked out | Bill Date | Koha item type | Original Barcode |
|---|---|---|---|---|---|---|---|---|---|---|---|---|---|---|---|---|---|---|---|
| Dewey Decimal Classification | Smt. Bakul Tambat Institute of Nursing Education | Smt. Bakul Tambat Institute of Nursing Education | 04/06/2025 | 725.00 | IK#2025-26#550 | 8 | 9 | PS 610.7368 PAR DB1341 | BTIN-DB-1341 | 08/04/2026 | 25/03/2026 | 25/03/2026 | 04/06/2025 | Donated Book | DB1341 |